000 00803nam a22002297a 4500
999 _c3674
_d3674
003 AR-CdUCM
008 190307b ||||| |||| 00| 0 spa d
040 _aMUNICIPALIDAD PROVINCIAL DEL CUSCO
_cBIBLIOTECA MUNICIPAL DEL CUSCO
082 _a869.56 /
_bL45
100 _aLeón Zaldívar, Rómulo
_911930
245 _aCuentos piuranos /
260 _aLima :
_bMinerva,
_c1958.
300 _a199 paginas ;
_c15 cm.
440 _aPrimer festival del libro piurano
_n6
_911931
505 _aContenido : La cruz del niño -- La herencia de Antonio -- El judío errante ...
650 _aCuentos piuranos
_911932
650 _aCuentos peruanos
_97
650 _aCuentos latinoamericanos
_911933
710 _aASOCIACIÓN CULTURAL DE PIURA
_tCuentos piuranos
_911934
942 _2ddc
_cLIBROS
945 _arah